[Event "FIDE WCC Blitz Women 2019"]
[Site "Moscow"]
[Date "2019.12.30"]
[Round "14.10"]
[White "Khademalsharieh, Sarasadat"]
[Black "Girya, Olga"]
[Result "1-0"]
[WhiteElo "2463"]
[BlackElo "2337"]
[Annotator "ChessBase"]
[PlyCount "75"]
[EventDate "2019.12.29"]
[EventType "swiss"]
[EventCountry "RUS"]
[SourceTitle "playchess.com"]
[Source "ChessBase"]
[SourceQuality "1"]

1. d4 Nf6 2. c4 e6 3. Nf3 d5 4. Nc3 Bb4 5. Qa4+ Nc6 6. Bg5 h6 7. Bxf6 Qxf6 8. e3 O-O 9. Rc1 Qg6 10. cxd5 exd5 11. Qd1 Be6 12. a3 Ba5 13. h3 Ne7 14. Bd3 Qf6 15. O-O c6 16. Na4 Rad8 17. Ne5 Bc7 18. f4 Nf5 19. Qf3 Bc8 20. b4 Nh4 21. Qf2 Nf5 22. b5 cxb5 23. Nc3 Bb6 24. Nxb5 Qe7 25. a4 Be6 26. Rfe1 Rfe8 27. Nc3 Ba5 28. Re2 Nd6 29. Nb5 Ne4 30. Bxe4 dxe4 31. Nxa7 f6 32. Ng6 Qf7 33. f5 Bc4 34. Rec2 Bd3 35. Rb2 Ra8 36. Nb5 Bb6 37. Nd6 Qd5 38. Nxe8 1-0

[Event "FIDE WCC Blitz Women 2019"]
[Site "Moscow"]
[Date "2019.12.30"]
[Round "14.11"]
[White "Ushenina, Anna"]
[Black "Guichard, Pauline"]
[Result "1-0"]
[WhiteElo "2424"]
[BlackElo "2335"]
[Annotator "NA"]
[PlyCount "77"]
[EventDate "2019.12.29"]
[EventType "swiss"]
[EventCountry "RUS"]
[SourceTitle "playchess.com"]
[Source "ChessBase"]
[SourceQuality "1"]

1. d4 Nf6 2. Nf3 d5 3. Bf4 e6 4. e3 Bd6 5. Bxd6 Qxd6 6. c4 Nbd7 7. Nc3 c6 8. Rc1 O-O 9. Be2 Re8 10. O-O b6 11. cxd5 exd5 12. Qa4 Bb7 13. Rfd1 h6 14. Ba6 b5 15. Qa5 Bxa6 16. Qxa6 Nb6 17. b3 Nfd7 18. Qa5 Rec8 19. Rc2 Rc7 20. Ne2 Rac8 21. Rdc1 Nf6 22. Nf4 Nbd7 23. h3 Ne4 24. Nd3 Qf6 25. Nfe5 Qd6 26. Nxd7 Qxd7 27. Nc5 Nxc5 28. Rxc5 Qd6 29. Qa6 Qe6 30. Qa5 Qd6 31. a4 bxa4 32. Qxa4 Qe6 33. b4 Qd6 34. Qa5 Rb8 35. b5 Rb6 36. bxc6 Rcxc6 37. Qxa7 Qe6 38. Rxc6 Rxc6 39. Qa8+ 1-0

[Event "FIDE WCC Blitz Women 2019"]
[Site "Moscow"]
[Date "2019.12.30"]
[Round "14.12"]
[White "Sargsyan, Anna"]
[Black "Shuvalova, Polina"]
[Result "1-0"]
[WhiteElo "1708"]
[BlackElo "2302"]
[Annotator "NA"]
[PlyCount "33"]
[EventDate "2019.12.29"]
[EventType "swiss"]
[EventCountry "RUS"]
[SourceTitle "playchess.com"]
[Source "ChessBase"]
[SourceQuality "1"]

1. e4 e5 2. Nf3 Nc6 3. Nc3 Nf6 4. d4 exd4 5. Nxd4 Bb4 6. Nxc6 bxc6 7. Bd3 O-O 8. O-O d5 9. exd5 Bg4 10. Be2 Bxe2 11. Nxe2 cxd5 12. Nd4 Qd7 13. Qf3 c6 14. Nf5 Ne4 15. c3 Bc5 16. Qg4 Nxf2 17. Qxg7# 1-0

[Event "FIDE WCC Blitz Women 2019"]
[Site "Moscow"]
[Date "2019.12.30"]
[Round "14.14"]
[White "Fataliyeva, Ulviyya"]
[Black "Gunina, Valentina"]
[Result "0-1"]
[WhiteElo "2108"]
[BlackElo "2366"]
[Annotator "NA"]
[PlyCount "80"]
[EventDate "2019.12.29"]
[EventType "swiss"]
[EventCountry "RUS"]
[SourceTitle "playchess.com"]
[Source "ChessBase"]
[SourceQuality "1"]

1. Nf3 d5 2. b3 c6 3. Bb2 Bg4 4. g3 e6 5. Bg2 Nf6 6. O-O Nbd7 7. d3 Bc5 8. Nbd2 O-O 9. Qe1 Re8 10. h3 Bh5 11. e4 e5 12. a3 a5 13. Kh1 Qc7 14. Nh4 Nf8 15. f4 exf4 16. gxf4 dxe4 17. dxe4 Ne6 18. Qg3 Rad8 19. Be5 Qd7 20. Bxf6 Qxd2 21. f5 Kh8 22. Bxd8 Nxd8 23. Bf3 Bxf3+ 24. Qxf3 Bd6 25. Qg2 Qh6 26. Nf3 f6 27. Rad1 Nf7 28. Rfe1 Bxa3 29. Rd7 Nd6 30. e5 Nxf5 31. exf6 Rxe1+ 32. Nxe1 Qxf6 33. Qd2 h6 34. Nf3 Bd6 35. Qg2 Ng3+ 36. Kg1 Qa1+ 37. Kf2 Qc1 38. Rd8+ Kh7 39. Ne1 Qd2+ 40. Kf3 Qf4# 0-1

[Event "FIDE WCC Blitz Women 2019"]
[Site "Moscow"]
[Date "2019.12.30"]
[Round "14.15"]
[White "Buksa, Nataliya"]
[Black "Enkhtuul, Altan-Ulzii"]
[Result "1-0"]
[WhiteElo "2356"]
[BlackElo "2149"]
[Annotator "NA"]
[PlyCount "64"]
[EventDate "2019.12.29"]
[EventType "swiss"]
[EventCountry "RUS"]
[SourceTitle "playchess.com"]
[Source "ChessBase"]
[SourceQuality "1"]

1. e4 Nf6 2. e5 Nd5 3. d4 d6 4. Nf3 Bg4 5. Be2 e6 6. c4 Nb6 7. exd6 cxd6 8. Nc3 Be7 9. b3 O-O 10. O-O Bf6 11. Bb2 d5 12. cxd5 Bxf3 13. Bxf3 exd5 14. a4 a5 15. Ba3 Re8 16. Nb5 Nc6 17. Rc1 Be7 18. Bc5 Nc8 19. Qd2 Bg5 20. Qc2 Bxc1 21. Rxc1 Qd7 22. h3 g6 23. Bg4 f5 24. Bf3 Kg7 25. Qd2 Re6 26. Qf4 Rf6 27. Nc7 g5 28. Qxg5+ Rg6 29. Qf4 b6 30. Nxa8 bxc5 31. Rxc5 N8e7 32. Nb6 Qe6 1-0

[Event "FIDE WCC Blitz Women 2019"]
[Site "Moscow"]
[Date "2019.12.30"]
[Round "14.16"]
[White "Gvetadze, Sofio"]
[Black "Heinemann, Josefine"]
[Result "1-0"]
[WhiteElo "2202"]
[BlackElo "2325"]
[Annotator "NA"]
[PlyCount "85"]
[EventDate "2019.12.29"]
[EventType "swiss"]
[EventCountry "RUS"]
[SourceTitle "playchess.com"]
[Source "ChessBase"]
[SourceQuality "1"]

1. e4 c5 2. Nf3 d6 3. d4 cxd4 4. Nxd4 Nf6 5. f3 e5 6. Nb3 a5 7. c4 Nxe4 8. fxe4 Qh4+ 9. Kd2 a4 10. Nc3 axb3 11. Qxb3 Be7 12. Kc2 Nc6 13. Be3 Bg5 14. Nd5 O-O 15. Qd3 Bxe3 16. Qxe3 Nd4+ 17. Kb1 f5 18. Bd3 f4 19. Qe1 Qd8 20. Rf1 Be6 21. a3 Bxd5 22. exd5 g6 23. Ka2 Qb6 24. Qc3 Rfe8 25. Rae1 Qc7 26. Re4 Nf5 27. Rf2 Rec8 28. Re1 Qb6 29. Bxf5 Qxf2 30. Be6+ Kf8 31. Bxc8 Rxc8 32. Qb4 Rd8 33. Rxe5 Qxg2 34. Re6 f3 35. Qxb7 Qg5 36. Qxh7 f2 37. Qh8+ Kf7 38. Qh7+ Kf8 39. Qh3 Qf4 40. Qh8+ Kf7 41. Qh7+ Kf8 42. Qe7+ Kg8 43. Rxg6+ 1-0

[Event "FIDE WCC Blitz Women 2019"]
[Site "Moscow"]
[Date "2019.12.30"]
[Round "14.17"]
[White "Injac, Teodora"]
[Black "Bulmaga, Irina"]
[Result "1-0"]
[WhiteElo "2236"]
[BlackElo "2308"]
[Annotator "NA"]
[PlyCount "119"]
[EventDate "2019.12.29"]
[EventType "swiss"]
[EventCountry "RUS"]
[SourceTitle "playchess.com"]
[Source "ChessBase"]
[SourceQuality "1"]

1. d4 Nf6 2. Nf3 e6 3. e3 b6 4. Bd3 Bb7 5. O-O d5 6. b3 Nbd7 7. c4 Bd6 8. cxd5 exd5 9. Ba3 Qe7 10. Bxd6 Qxd6 11. Nc3 a6 12. Rc1 O-O 13. Qc2 c5 14. Qb2 Rfe8 15. Rfd1 Rac8 16. Qa3 Qe6 17. Ne2 c4 18. Nf4 Qg4 19. h3 Qxf4 20. exf4 cxd3 21. Ne5 h5 22. Rxd3 Nxe5 23. fxe5 Ne4 24. h4 f6 25. f3 Ng3 26. Kh2 Nf5 27. Rxc8 Bxc8 28. Qb4 Nxh4 29. Qxb6 Bf5 30. Re3 Bg6 31. Qb7 Bf7 32. Qxa6 Nf5 33. Re1 Nxd4 34. Qd3 fxe5 35. f4 Nc6 36. fxe5 Nxe5 37. Qg3 Ng4+ 38. Kg1 Rc8 39. a4 d4 40. a5 Rc2 41. Qb8+ Kh7 42. Qf4 Bg6 43. a6 d3 44. a7 Ra2 45. Qd4 Bf5 46. Ra1 Rxa1+ 47. Qxa1 Be4 48. a8=Q Bxa8 49. Qxa8 d2 50. Qe4+ Kh6 51. Qf4+ g5 52. Qxd2 h4 53. Qd6+ Kh5 54. b4 Ne3 55. b5 Kg4 56. b6 Nf5 57. Qd7 h3 58. gxh3+ Kf4 59. Qxf5+ Kxf5 60. b7 1-0

[Event "FIDE WCC Blitz Women 2019"]
[Site "Moscow"]
[Date "2019.12.30"]
[Round "14.18"]
[White "Mammadova, Gulnar"]
[Black "Hejazipour, Mitra"]
[Result "1-0"]
[WhiteElo "2293"]
[BlackElo "2191"]
[Annotator "NA"]
[PlyCount "83"]
[EventDate "2019.12.29"]
[EventType "swiss"]
[EventCountry "RUS"]
[SourceTitle "playchess.com"]
[Source "ChessBase"]
[SourceQuality "1"]

1. e4 c5 2. Nf3 d6 3. Bb5+ Nd7 4. a4 Ngf6 5. Nc3 e6 6. O-O Be7 7. Re1 O-O 8. b3 a6 9. Bf1 b6 10. Bb2 Bb7 11. d4 cxd4 12. Qxd4 Qc7 13. Rad1 Rac8 14. h3 h6 15. Qe3 Rfd8 16. Bd3 Nc5 17. Nd4 Nxd3 18. cxd3 Nd7 19. Nf3 Bf6 20. d4 Nf8 21. Rc1 Qb8 22. Ne2 Ng6 23. Ng3 d5 24. e5 Be7 25. h4 Nxh4 26. Nxh4 Bxh4 27. Nh5 Be7 28. Qg3 Bf8 29. Ba3 g6 30. Nf6+ Kg7 31. Bxf8+ Rxf8 32. Nd7 Qa8 33. Nxf8 Rxf8 34. Rc7 Rc8 35. Rec1 Rxc7 36. Rxc7 Qb8 37. Qc3 a5 38. Re7 Ba6 39. Qc7 Qf8 40. Rxe6 Bc8 41. Re7 Bf5 42. e6 1-0

[Event "FIDE WCC Blitz Women 2019"]
[Site "Moscow"]
[Date "2019.12.30"]
[Round "14.19"]
[White "Goltseva, Ekaterina"]
[Black "Voit, Daria"]
[Result "0-1"]
[WhiteElo "2143"]
[BlackElo "2293"]
[Annotator "NA"]
[PlyCount "108"]
[EventDate "2019.12.29"]
[EventType "swiss"]
[EventCountry "RUS"]
[SourceTitle "playchess.com"]
[Source "ChessBase"]
[SourceQuality "1"]

1. d4 Nf6 2. c4 e6 3. Nc3 Bb4 4. e3 d5 5. a3 Bxc3+ 6. bxc3 c6 7. Bd3 e5 8. dxe5 dxc4 9. Bxc4 Qxd1+ 10. Kxd1 Ng4 11. Ke1 Nxe5 12. Be2 Bf5 13. Nf3 Nxf3+ 14. gxf3 Nd7 15. e4 Be6 16. Rg1 g6 17. Be3 b6 18. f4 O-O-O 19. a4 a5 20. Rb1 Kc7 21. f3 Rhe8 22. Kf2 c5 23. Bb5 Rf8 24. Rbd1 Nb8 25. h4 Nc6 26. h5 Na7 27. hxg6 hxg6 28. c4 Nxb5 29. cxb5 Bb3 30. Ra1 Rd3 31. f5 gxf5 32. exf5 Re8 33. Rge1 Kc8 34. Kg2 Rd5 35. Kf2 Rxf5 36. Ra3 Bd5 37. Bd2 Rh8 38. Ke2 Rh2+ 39. Kd1 Rxf3 40. Rxf3 Bxf3+ 41. Kc1 Kd7 42. Rf1 Bd5 43. Rf6 Be6 44. Kc2 Rh4 45. Bf4 Rh3 46. Kb2 Rb3+ 47. Ka2 Rb4+ 48. Ka3 Rc4 49. Be5 Re4 50. Bc3 Re2 51. Bb2 Re3+ 52. Bc3 Rxc3+ 53. Kb2 Rb3+ 54. Kc2 Rb4 0-1

[Event "FIDE WCC Blitz Women 2019"]
[Site "Moscow"]
[Date "2019.12.30"]
[Round "14.20"]
[White "Kashlinskaya, Alina"]
[Black "Balaian, Alina"]
[Result "0-1"]
[WhiteElo "2282"]
[BlackElo "2173"]
[Annotator "NA"]
[PlyCount "62"]
[EventDate "2019.12.29"]
[EventType "swiss"]
[EventCountry "RUS"]
[SourceTitle "playchess.com"]
[Source "ChessBase"]
[SourceQuality "1"]

1. d4 c5 2. d5 e5 3. c4 d6 4. Nc3 Be7 5. Nf3 f5 6. g3 e4 7. Nd2 Nf6 8. Bg2 O-O 9. f3 exf3 10. Nxf3 Nbd7 11. O-O Ne5 12. Nxe5 dxe5 13. e4 Ne8 14. Be3 Nd6 15. Bxc5 Nxc4 16. Bxe7 Qxe7 17. Qe2 Qc5+ 18. Rf2 f4 19. Kh1 Bg4 20. Bf3 fxg3 21. hxg3 Nd2 22. Qxd2 Bxf3+ 23. Kg1 Rf6 24. Kf1 Raf8 25. Ke1 Rh6 26. Rf1 Rhf6 27. Qd3 Bg2 28. Rxf6 Rxf6 29. Kd2 Rf2+ 30. Ne2 Qb4+ 31. Ke3 Rf3# 0-1

[Event "FIDE WCC Blitz Women 2019"]
[Site "Moscow"]
[Date "2019.12.30"]
[Round "14.21"]
[White "Muzychuk, Mariya"]
[Black "Bykova, Anastasia"]
[Result "1-0"]
[WhiteElo "2344"]
[BlackElo "2107"]
[Annotator "NA"]
[PlyCount "83"]
[EventDate "2019.12.29"]
[EventType "swiss"]
[EventCountry "RUS"]
[SourceTitle "playchess.com"]
[Source "ChessBase"]
[SourceQuality "1"]

1. e4 c6 2. d4 d5 3. Nc3 dxe4 4. Nxe4 Bf5 5. Ng3 Bg6 6. h4 h6 7. Nf3 Nd7 8. h5 Bh7 9. Bd3 Bxd3 10. Qxd3 e6 11. Bd2 Ngf6 12. O-O-O Be7 13. Kb1 O-O 14. Ne4 Nxe4 15. Qxe4 Nf6 16. Qe2 Qd5 17. g4 Qe4 18. Qxe4 Nxe4 19. Be3 a5 20. Ne5 Rfc8 21. f3 Nd6 22. c4 b5 23. c5 Ne8 24. f4 f6 25. Ng6 Bd8 26. g5 fxg5 27. fxg5 hxg5 28. Rdf1 Nf6 29. Bxg5 Nh7 30. Bxd8 Rxd8 31. Ne7+ Kh8 32. Nxc6 Rd7 33. h6 g5 34. Ne5 Rxd4 35. Rf7 Rg8 36. c6 Rd5 37. Nd7 g4 38. c7 Rd6 39. Nf8 Ng5 40. Ng6+ Rxg6 41. c8=Q+ Rg8 42. Rf8 1-0

[Event "FIDE WCC Blitz Women 2019"]
[Site "Moscow"]
[Date "2019.12.30"]
[Round "14.22"]
[White "Gaponenko, Inna"]
[Black "Ambartsumova, Karina"]
[Result "1-0"]
[WhiteElo "2415"]
[BlackElo "2254"]
[Annotator "NA"]
[PlyCount "127"]
[EventDate "2019.12.29"]
[EventType "swiss"]
[EventCountry "RUS"]
[SourceTitle "playchess.com"]
[Source "ChessBase"]
[SourceQuality "1"]

1. e4 d6 2. d4 Nf6 3. Nc3 e5 4. dxe5 dxe5 5. Qxd8+ Kxd8 6. Bg5 c6 7. O-O-O+ Kc7 8. Bc4 Be6 9. Bxe6 fxe6 10. Nf3 Nbd7 11. Bh4 b5 12. Bg3 Bd6 13. Rd3 Nc5 14. Re3 b4 15. Nd1 Nfxe4 16. Bxe5 Bxe5 17. Nxe5 Rhf8 18. f3 Nf6 19. Re2 Nd5 20. Ne3 Rae8 21. Rd1 g5 22. N3c4 Rd8 23. Red2 Rde8 24. Nd3 Nxd3+ 25. Rxd3 Rd8 26. Ne3 Nf4 27. Rxd8 Rxd8 28. Rxd8 Kxd8 29. Kd2 Ke7 30. g3 Ng6 31. Kd3 Kd6 32. Ke4 a5 33. Nc4+ Kc5 34. Nxa5 Ne7 35. Nb3+ Kd6 36. Nd4 Nd5 37. Ne2 c5 38. c3 Nb6 39. cxb4 cxb4 40. Kd4 e5+ 41. Kd3 Kd5 42. Ng1 Na4 43. Kc2 Nc5 44. Nh3 h6 45. Nf2 Kd4 46. a3 b3+ 47. Kd2 h5 48. Nh3 Nd3 49. Nxg5 Nxb2 50. Ne6+ Kc4 51. g4 hxg4 52. fxg4 Na4 53. g5 Nc3 54. Kc1 Kd5 55. Nc7+ Kd6 56. g6 Ke7 57. Kb2 Ne2 58. Nd5+ Ke6 59. a4 Nd4 60. a5 Nc6 61. a6 e4 62. h4 Kxd5 63. g7 Ne7 64. a7 1-0

[Event "FIDE WCC Blitz Women 2019"]
[Site "Moscow"]
[Date "2019.12.30"]
[Round "14.23"]
[White "Cramling, Pia"]
[Black "Nurgali, Nazerke"]
[Result "0-1"]
[WhiteElo "2383"]
[BlackElo "2075"]
[Annotator "NA"]
[PlyCount "116"]
[EventDate "2019.12.29"]
[EventType "swiss"]
[EventCountry "RUS"]
[SourceTitle "playchess.com"]
[Source "ChessBase"]
[SourceQuality "1"]

1. Nf3 d5 2. d4 Nf6 3. c4 e6 4. Nc3 Be7 5. Bg5 h6 6. Bh4 O-O 7. e3 b6 8. Be2 Bb7 9. Bxf6 Bxf6 10. cxd5 exd5 11. b4 c5 12. bxc5 bxc5 13. Rb1 Bc6 14. O-O Nd7 15. Bb5 Qc7 16. Qd3 c4 17. Qf5 Nb6 18. a4 Rfd8 19. Bxc6 Qxc6 20. a5 Na4 21. Qc2 Nxc3 22. Qxc3 Rab8 23. g3 Rb5 24. Rxb5 Qxb5 25. Nd2 Rb8 26. Rb1 Qe8 27. Rxb8 Qxb8 28. Kg2 Be7 29. a6 Bb4 30. Qc2 Bxd2 31. Qxd2 Qb5 32. e4 Qxa6 33. exd5 Qb5 34. d6 Qd5+ 35. f3 Qxd6 36. d5 c3 37. Qxc3 Qxd5 38. Qc8+ Kh7 39. Qc2+ g6 40. Qa4 a5 41. h4 Qc5 42. Qb3 Qa7 43. Qa4 Qb6 44. Qa2 Kg8 45. Qa4 Qb4 46. Qe8+ Kg7 47. Qe5+ Kh7 48. Qd5 Kg8 49. Qd8+ Kg7 50. Qe8 a4 51. Qe5+ Kf8 52. Qh8+ Ke7 53. Qxh6 a3 54. Qe3+ Kf8 55. h5 gxh5 56. Qh6+ Ke8 57. Qxh5 Qb2+ 58. Kh3 a2 0-1

[Event "FIDE WCC Blitz Women 2019"]
[Site "Moscow"]
[Date "2019.12.30"]
[Round "14.24"]
[White "Dordzhieva, Dinara"]
[Black "Kovalevskaya, Ekaterina"]
[Result "1-0"]
[WhiteElo "2222"]
[BlackElo "2286"]
[Annotator "NA"]
[PlyCount "116"]
[EventDate "2019.12.29"]
[EventType "swiss"]
[EventCountry "RUS"]
[SourceTitle "playchess.com"]
[Source "ChessBase"]
[SourceQuality "1"]

1. d4 d5 2. Nf3 Nf6 3. c4 e6 4. g3 c5 5. cxd5 exd5 6. Bg2 Be7 7. dxc5 Bxc5 8. O-O O-O 9. Nc3 Nc6 10. Bg5 d4 11. Bxf6 Qxf6 12. Ne4 Qe7 13. Nxc5 Qxc5 14. Rc1 Qb6 15. Qc2 h6 16. Rfd1 Be6 17. b3 Rac8 18. Qd2 Rfd8 19. Qf4 Qa6 20. Qd2 Bf5 21. h3 Be4 22. Qf4 Re8 23. Qd2 Red8 24. Qf4 Re8 25. Qd2 Red8 26. Qf4 Re8 27. Rd2 d3 28. exd3 Bxd3 29. Rcd1 Bh7 30. Nd4 Nxd4 31. Qxd4 Bg6 32. Qf4 Re7 33. Bd5 Rf8 34. Bc4 Qb6 35. Rd6 Qc7 36. Rxg6 Qxf4 37. gxf4 b5 38. Bd5 Rd7 39. Rg3 Rfd8 40. Rgd3 Kf8 41. Kg2 f5 42. Kf3 Rd6 43. a4 a6 44. axb5 axb5 45. Ke2 Re8+ 46. Kd2 Red8 47. Kc2 Rc8+ 48. Rc3 Rcd8 49. Bf3 Rxd1 50. Bxd1 Rd4 51. Rf3 b4 52. Be2 Ke7 53. Bc4 Kf6 54. h4 Kg6 55. Rg3+ Kf6 56. h5 Rxf4 57. Rg6+ Ke5 58. Kd3 Rxf2 1-0

[Event "FIDE WCC Blitz Women 2019"]
[Site "Moscow"]
[Date "2019.12.30"]
[Round "14.25"]
[White "Khomeriki, Nino"]
[Black "Garifullina, Leya"]
[Result "0-1"]
[WhiteElo "2177"]
[BlackElo "2267"]
[Annotator "NA"]
[PlyCount "108"]
[EventDate "2019.12.29"]
[EventType "swiss"]
[EventCountry "RUS"]
[SourceTitle "playchess.com"]
[Source "ChessBase"]
[SourceQuality "1"]

1. d4 Nf6 2. c4 e6 3. Nf3 b6 4. g3 Bb7 5. Bg2 Bb4+ 6. Bd2 Be7 7. O-O O-O 8. Nc3 c6 9. e4 d5 10. exd5 cxd5 11. Ne5 Nc6 12. Bf4 Na5 13. Qe2 Rc8 14. b3 dxc4 15. Bxb7 Nxb7 16. bxc4 Na5 17. Rfd1 Nd7 18. Nb5 Nxe5 19. dxe5 Qe8 20. Rac1 a6 21. Nd6 Bxd6 22. exd6 Qd7 23. c5 bxc5 24. Qxa6 Ra8 25. Qe2 c4 26. Qg4 f6 27. h4 Rfd8 28. h5 e5 29. Qxd7 Rxd7 30. Be3 Ra6 31. Bc5 Nb7 32. Bb4 Rxa2 33. Rxc4 Kf7 34. f4 exf4 35. gxf4 Nd8 36. Rc7 Ra7 37. Rc8 Rab7 38. Ba3 Ne6 39. f5 Nf4 40. Re1 Nd5 41. Rce8 g6 42. hxg6+ hxg6 43. fxg6+ Kxg6 44. Rc8 Nb4 45. Rc7 Nc2 46. Rxb7 Rxb7 47. Re7 Rb1+ 48. Kf2 Nxa3 49. d7 Rd1 50. Ke2 Rd6 51. Ke3 Nc4+ 52. Ke4 Nb6 53. Re6 Rxe6+ 54. Kf4 Rd6 0-1

[Event "FIDE WCC Blitz Women 2019"]
[Site "Moscow"]
[Date "2019.12.30"]
[Round "14.26"]
[White "Batsiashvili, Nino"]
[Black "Diakonova, Ekaterina"]
[Result "1/2-1/2"]
[WhiteElo "2259"]
[BlackElo "2090"]
[Annotator "NA"]
[PlyCount "99"]
[EventDate "2019.12.29"]
[EventType "swiss"]
[EventCountry "RUS"]
[SourceTitle "playchess.com"]
[Source "ChessBase"]
[SourceQuality "1"]

1. c4 Nf6 2. Nc3 c5 3. Nf3 g6 4. g3 Bg7 5. Bg2 Nc6 6. d4 cxd4 7. Nxd4 O-O 8. O-O Qb6 9. Nb3 d6 10. e4 a5 11. Nd5 Nxd5 12. cxd5 Ne5 13. Be3 Qd8 14. Bd4 f5 15. exf5 Bxf5 16. f4 Ng4 17. Bxg7 Kxg7 18. Qd4+ Nf6 19. Rae1 a4 20. Nd2 Ra5 21. Nc4 Rc5 22. Ne3 Qa5 23. Nxf5+ gxf5 24. Rxe7+ Rf7 25. Rfe1 Rc7 26. Rxf7+ Kxf7 27. Qe3 Qc5 28. b3 axb3 29. axb3 b5 30. h3 b4 31. Qxc5 Rxc5 32. Re6 Rc3 33. Rxd6 Rxg3 34. Rb6 Nxd5 35. Rb7+ Ke6 36. Kf2 Rxb3 37. Bxd5+ Kxd5 38. Rxh7 Ke4 39. Rc7 Kxf4 40. Rc4+ Kg5 41. h4+ Kg6 42. Kg2 Kh5 43. Rf4 Kg6 44. Rc4 Kh5 45. Rf4 Kg6 46. Rc4 Kh5 47. Rf4 Kg6 48. Rc4 Kh6 49. Rf4 Kg6 50. Rc4 1/2-1/2

[Event "FIDE WCC Blitz Women 2019"]
[Site "Moscow"]
[Date "2019.12.30"]
[Round "14.27"]
[White "Zatonskih, Anna"]
[Black "Osmak, Iulija"]
[Result "1-0"]
[WhiteElo "2374"]
[BlackElo "2242"]
[Annotator "NA"]
[PlyCount "61"]
[EventDate "2019.12.29"]
[EventType "swiss"]
[EventCountry "RUS"]
[SourceTitle "playchess.com"]
[Source "ChessBase"]
[SourceQuality "1"]

1. e4 Nc6 2. Nf3 d6 3. h3 Nf6 4. Nc3 e5 5. d4 exd4 6. Nxd4 g6 7. Nxc6 bxc6 8. Bd3 Bg7 9. O-O O-O 10. Bg5 h6 11. Bh4 Re8 12. Kh1 Rb8 13. Rb1 Bb7 14. f4 Qc8 15. e5 Nd7 16. exd6 cxd6 17. f5 g5 18. Bg3 Be5 19. Qh5 Bxg3 20. Qxh6 f6 21. Qg6+ Kf8 22. Qh6+ Ke7 23. Ne4 Be5 24. Nxg5 fxg5 25. f6+ Nxf6 26. Qg7+ Kd8 27. Rxf6 Bxf6 28. Qxf6+ Kc7 29. Qxg5 Qd8 30. Qa5+ Kc8 31. Bf5+ 1-0

[Event "FIDE WCC Blitz Women 2019"]
[Site "Moscow"]
[Date "2019.12.30"]
[Round "14.28"]
[White "Guseva, Marina"]
[Black "Danielian, Elina"]
[Result "0-1"]
[WhiteElo "2245"]
[BlackElo "2341"]
[Annotator "NA RC"]
[PlyCount "78"]
[EventDate "2019.12.29"]
[EventType "swiss"]
[EventCountry "RUS"]
[SourceTitle "playchess.com"]
[Source "ChessBase"]
[SourceQuality "1"]

1. d4 d6 2. c4 e5 3. Nf3 e4 4. Ng5 f5 5. Nh3 Nf6 6. e3 c6 7. Nc3 Be6 8. Be2 Be7 9. O-O g6 10. d5 Bf7 11. b3 O-O 12. Bb2 Nbd7 13. dxc6 bxc6 14. Ng5 h6 15. Nxf7 Rxf7 16. f3 exf3 17. Bxf3 Ne5 18. Ne2 Nxf3+ 19. Rxf3 Ne4 20. Nf4 Bf6 21. Bd4 Kh7 22. Qc2 a5 23. Raf1 Bxd4 24. exd4 a4 25. Ne6 Qb6 26. Kh1 Re7 27. d5 axb3 28. axb3 Rc8 29. Nf4 Qd4 30. Rd3 Qe5 31. g3 c5 32. Ne6 Ra8 33. g4 Rea7 34. Qg2 Ra2 35. Qh3 Nf2+ 36. Rxf2 Rxf2 37. Rd1 Raa2 38. Ng5+ Kg7 39. Nf3 Qe4 0-1

[Event "FIDE WCC Blitz Women 2019"]
[Site "Moscow"]
[Date "2019.12.30"]
[Round "14.29"]
[White "Matveeva, Svetlana"]
[Black "Mamedjarova, Zeinab"]
[Result "1-0"]
[WhiteElo "2239"]
[BlackElo "2325"]
[Annotator "TA"]
[PlyCount "63"]
[EventDate "2019.12.29"]
[EventType "swiss"]
[EventCountry "RUS"]
[SourceTitle "playchess.com"]
[Source "ChessBase"]
[SourceQuality "1"]

1. d4 d5 2. c4 dxc4 3. e4 Nc6 4. d5 Ne5 5. Bf4 Ng6 6. Bg3 Nf6 7. Nc3 e5 8. Bxc4 a6 9. Nge2 Bd6 10. O-O O-O 11. a3 Ne8 12. f4 exf4 13. Nxf4 Nxf4 14. Bxf4 f5 15. e5 Bc5+ 16. Kh1 Kh8 17. Qd2 b5 18. Ba2 Bb7 19. Rad1 Qd7 20. Rfe1 Rd8 21. Bg5 Be7 22. Qf4 Ra8 23. Qh4 Bc5 24. d6 cxd6 25. e6 Qc6 26. Bd5 Qb6 27. e7 Rg8 28. Bxg8 Kxg8 29. Nd5 Qc6 30. b4 Nc7 31. bxc5 Nxd5 32. Qg3 1-0

[Event "FIDE WCC Blitz Women 2019"]
[Site "Moscow"]
[Date "2019.12.30"]
[Round "14.30"]
[White "Strutinskaia, Galina"]
[Black "Nomin-Erdene, Davaademberel"]
[Result "1-0"]
[WhiteElo "2227"]
[BlackElo "2298"]
[Annotator "NA"]
[PlyCount "81"]
[EventDate "2019.12.29"]
[EventType "swiss"]
[EventCountry "RUS"]
[SourceTitle "playchess.com"]
[Source "ChessBase"]
[SourceQuality "1"]

1. d4 f5 2. g3 Nf6 3. Bg2 g6 4. Nh3 Bg7 5. Nf4 Nc6 6. h4 d6 7. c3 e5 8. dxe5 Nxe5 9. h5 Qe7 10. hxg6 hxg6 11. Rxh8+ Bxh8 12. Na3 c6 13. Qb3 g5 14. Nh3 Be6 15. Qc2 Nh7 16. Bd2 O-O-O 17. O-O-O Kb8 18. Kb1 Bf6 19. Ka1 Nf8 20. f4 gxf4 21. Nxf4 Bc8 22. e4 fxe4 23. Bxe4 d5 24. Bf5 Qg7 25. Nh5 Qf7 26. Bf4 Qxh5 27. Bxc8 Kxc8 28. Re1 Nfd7 29. Qf2 Nd3 30. Qxa7 Be5 31. Qa8+ Kc7 32. Qa5+ Kd6 33. Bxe5+ N7xe5 34. Qxd8+ Ke6 35. Rf1 Nf2 36. Rxf2 Qh1+ 37. Nb1 Nf7 38. Qf6+ Kd7 39. Qxf7+ Kc8 40. Rf1 Qe4 41. Qf5+ 1-0

[Event "FIDE WCC Blitz Women 2019"]
[Site "Moscow"]
[Date "2019.12.30"]
[Round "14.31"]
[White "Maltsevskaya, Aleksandra"]
[Black "Solozhenkina, Elizaveta"]
[Result "0-1"]
[WhiteElo "2280"]
[BlackElo "2214"]
[Annotator "NA"]
[PlyCount "94"]
[EventDate "2019.12.29"]
[EventType "swiss"]
[EventCountry "RUS"]
[SourceTitle "playchess.com"]
[Source "ChessBase"]
[SourceQuality "1"]

1. e4 c5 2. Nf3 d6 3. d4 cxd4 4. Nxd4 Nf6 5. Nc3 a6 6. h3 e5 7. Nde2 b5 8. g4 b4 9. Nd5 Nxd5 10. Qxd5 Ra7 11. Be3 Be6 12. Qd2 Rd7 13. Ng3 d5 14. Bd3 d4 15. Bg5 f6 16. Bh4 g5 17. Nh5 gxh4 18. f4 Bh6 19. g5 fxg5 20. fxe5 O-O 21. Nf6+ Rxf6 22. exf6 Qxf6 23. Rf1 Qe7 24. O-O-O Nc6 25. Kb1 Ne5 26. Rf2 Bxh3 27. Rg1 Be6 28. b3 a5 29. Bb5 Rd8 30. Be2 a4 31. Rh2 Kh8 32. Rhh1 Qf8 33. Rf1 Qg7 34. Qe1 h3 35. Qg3 g4 36. Rf2 Be3 37. Rff1 axb3 38. axb3 Ra8 39. Rxh3 gxh3 40. Qh2 h6 41. Rh1 Rf8 42. Bd1 Rf2 43. Qg1 Qxg1 44. Rxg1 Rg2 45. Rf1 h2 46. Rf8+ Kg7 47. Rf1 Rg1 0-1

[Event "FIDE WCC Blitz Women 2019"]
[Site "Moscow"]
[Date "2019.12.30"]
[Round "14.32"]
[White "Mamedjarova, Turkan"]
[Black "Bivol, Alina"]
[Result "1-0"]
[WhiteElo "2273"]
[BlackElo "2186"]
[Annotator "NA"]
[PlyCount "63"]
[EventDate "2019.12.29"]
[EventType "swiss"]
[EventCountry "RUS"]
[SourceTitle "playchess.com"]
[Source "ChessBase"]
[SourceQuality "1"]

1. d4 Nf6 2. c4 g6 3. Nc3 Bg7 4. Nf3 d6 5. g3 O-O 6. Bg2 Nbd7 7. O-O e5 8. dxe5 dxe5 9. h3 Re8 10. Be3 c6 11. Qd2 Qc7 12. Rac1 Nf8 13. Bh6 Bh8 14. Rfd1 Bf5 15. Ng5 Rad8 16. Qe3 b6 17. b4 Ne6 18. Nxe6 Bxe6 19. b5 Rxd1+ 20. Rxd1 cxb5 21. Nxb5 Qxc4 22. Nd6 Qa4 23. Rd2 Rd8 24. Bg5 Rd7 25. Qc3 Qa6 26. Bc6 Rc7 27. Bxf6 Bxf6 28. Ne8 Rxc6 29. Qxc6 Be7 30. Nc7 Qa5 31. Nxe6 Qxd2 32. Qe8+ 1-0